书目信息 |
| 题名: |
电工技术与电子技术 上册
|
|
| 作者: | 王鸿明 编著 | |
| 分册: | ||
| 出版信息: | 北京 清华大学出版社 1999.07 |
|
| 页数: | 569页 | |
| 开本: | 32开 | |
| 丛书名: | ||
| 单 册: | ||
| 中图分类: | TM-43 | |
| 科图分类: | ||
| 主题词: | 电工技术 | |
| 电子资源: | ||
| ISBN: | 7-302-03420-6 | |
| 000 | 00574nam0 2200193 45 | |
| 001 | 0006271554 | |
| 005 | 20000627154129.0 | |
| 010 | @a7-302-03420-6@d20.00元 | |
| 100 | @a20000627d1999 km y0chiy0120 ea | |
| 101 | 0 | @achi |
| 105 | @a z 000yy | |
| 200 | 1 | @a电工技术与电子技术 上册@ADian Gong Ji Shu Yu Dian Zi Ji Shu Shang Ce@f王鸿明编著@FWang Hong Ming Bian Zhu |
| 210 | @a北京@c清华大学出版社@d1999.07 | |
| 215 | @a569页@d32开 | |
| 606 | 0 | @a电工技术 |
| 690 | @aTM-43@v3 | |
| 701 | 0 | @a王鸿明@4编著 |
| 801 | @aCN@bPftUser@c20000627 | |
| 905 | @a安徽大学@dTM-43@eW528:1 | |
| 电工技术与电子技术 上册/王鸿明编著.-北京:清华大学出版社,1999.07 |
| 569页;32开 |
| ISBN 7-302-03420-6:20.00元 |
| ● |
| 相关链接 |
|
|
|
正题名:电工技术与电子技术 上册
索取号:TM-43/W528:1
 
预约/预借
| 序号 | 登录号 | 条形码 | 馆藏地/架位号 | 状态 | 备注 |
| 1 | 354735 | 203547359 | 自科二线504/504自科库 9排1列5层/ [索取号:TM-43/W528:1] | 在馆 | |
| 2 | 354736 | 203547368 | 自科二线404/404自科库 17排5列1层/ [索取号:TM-43/W528:1] | 在馆 |